000
00217nam a22000857a 4500
008
170619b xxu||||| |||| 00| 0 eng d
100
_9
3522
_a
Dixit.J.B
245
_a
Mathematis Class X CCE
260
_a
New Delhi
_b
Amanda
_c
2012
999
_c
6906
_d
6906